000 00176 a2200097 4500
020 _a9780545348355
041 _aeng
100 _aMilles, Ellen
245 _aCocoa
942 _cBK
999 _c31314
_d31312